[Event "ITA-chTB 51st"]
[Site "Brixen Bressanone"]
[Date "2019.04.27"]
[Round "3.3"]
[White "Gigovski, Gjoko"]
[Black "Basso, Pier Luigi"]
[Result "0-1"]
[WhiteElo "2169"]
[BlackElo "2516"]
[PlyCount "58"]
[EventDate "2019.04.26"]
[EventType "team-swiss"]
[EventRounds "7"]
[EventCountry "ITA"]
[SourceTitle "CBM 190 Extra"]
[Source "ChessBase"]
[SourceDate "2019.07.15"]
[SourceVersion "1"]
[SourceVersionDate "2019.07.15"]
[SourceQuality "1"]
[WhiteTeam "Cornaro Asolo Regina"]
[BlackTeam "WorldtradingLab"]
[WhiteTeamCountry "ITA"]
[BlackTeamCountry "ITA"]

1. Nf3 d5 2. c4 c6 3. e3 Nf6 4. Nc3 e6 5. b3 Bd6 6. Bb2 0-0 7. d4 Nbd7 8. Be2 b6 9. 0-0 Bb7 10. Qc2 Qe7 11. e4 Nxe4 12. Nxe4 dxe4 13. Qxe4 Nf6 14. Qc2 h6 15. Rfd1 Rad8 16. Ne5 c5 17. dxc5 Bxc5 18. Bf3 Bxf3 19. Nxf3 Ng4 20. Bd4 Rxd4 21. Nxd4 Qf6 22. Nf3 Nxf2 23. Rdb1 Rd8 24. b4 Be3 25. Qe2 Rd1+ 26. Ne1 Qf4 27. Qf3 Ng4+ 28. Kf1 Nxh2+ 29. Ke2 Rd2# 0-1

[Event "ITA-chT 50th"]
[Site "Gallipoli"]
[Date "2018.04.28"]
[Round "2.3"]
[White "Stromboli, Carlo"]
[Black "Gigovski, Gjoko"]
[Result "0-1"]
[WhiteElo "2306"]
[BlackElo "2102"]
[PlyCount "122"]
[EventDate "2018.04.27"]
[EventType "team-swiss"]
[EventRounds "7"]
[EventCountry "ITA"]
[SourceTitle "CBM 184 Extra"]
[Source "ChessBase"]
[SourceDate "2018.06.28"]
[SourceVersion "1"]
[SourceVersionDate "2018.06.28"]
[SourceQuality "1"]
[WhiteTeam "Partenopea"]
[BlackTeam "Regina Cornaro"]
[WhiteTeamCountry "ITA"]
[BlackTeamCountry "ITA"]

1. e4 c6 2. d4 d5 3. Nc3 dxe4 4. Nxe4 Bf5 5. Ng3 Bg6 6. N1e2 Nd7 7. h4 Ngf6 8. h5 Be4 9. Nc3 Bd5 10. Nxd5 cxd5 11. Bd3 Qc7 12. Qe2 e6 13. Bd2 Be7 14. 0-0-0 0-0-0 15. Kb1 Nb6 16. Qf3 h6 17. Rhe1 Bd6 18. Ne2 Nc4 19. Bf4 Bxf4 20. Nxf4 Rd6 21. Qg3 Rg8 22. Bxc4 dxc4 23. c3 Ra6 24. Re5 Nd7 25. Rb5 Qc6 26. Rb4 Ra5 27. Qe3 Rf5 28. d5 exd5 29. g4 Rxf4 30. Qxf4 a5 31. Qxf7 Rf8 32. Qxd5 Qxd5 33. Rxd5 axb4 34. cxb4 Rxf2 35. g5 Kc7 36. gxh6 gxh6 37. a4 Kc6 38. Ra5 b6 39. Ra8 Rf5 40. Rc8+ Kd5 41. Rc7 Ne5 42. a5 bxa5 43. bxa5 Nc6 44. Rh7 Rxh5 45. Rb7 Kc5 46. Kc2 Nxa5 47. Rb8 Rh2+ 48. Kc3 Rh3+ 49. Kc2 h5 50. Kb1 h4 51. Rc8+ Nc6 52. Kc2 Rg3 53. Kd2 h3 54. Rh8 Rb3 55. Kc1 Rd3 56. Rh7 Rg3 57. Kd2 Nb4 58. Rc7+ Kd4 59. Rh7 Rg2+ 60. Kd1 h2 61. Rxh2 Rxh2 0-1

[Event "Treviso Lega Master op 2nd"]
[Site "Treviso"]
[Date "2018.04.03"]
[Round "3"]
[White "Ceschia, Ivano"]
[Black "Gigovski, Gjoko"]
[Result "1-0"]
[WhiteElo "2296"]
[BlackElo "2098"]
[PlyCount "119"]
[EventDate "2018.03.02"]
[EventType "swiss"]
[EventRounds "5"]
[EventCountry "ITA"]
[SourceTitle "EXT 2022"]
[Source "ChessBase"]
[SourceDate "2021.10.06"]
[SourceVersion "1"]
[SourceVersionDate "2021.10.06"]
[SourceQuality "1"]

1. e4 c6 2. d4 d5 3. Nd2 dxe4 4. Nxe4 Bf5 5. Ng3 Bg6 6. Nf3 Nd7 7. h4 h6 8. h5 Bh7 9. Bd3 Bxd3 10. Qxd3 Ngf6 11. Bf4 e6 12. 0-0-0 Be7 13. Kb1 a5 14. Ne4 Nxe4 15. Qxe4 a4 16. Ne5 Nf6 17. Qd3 a3 18. b3 Nd5 19. Bd2 Bg5 20. c4 Ne7 21. f4 Bf6 22. Bb4 Qb6 23. Bc5 Qc7 24. g4 b6 25. Bb4 0-0 26. Bxe7 Qxe7 27. Nxc6 Qb7 28. d5 b5 29. cxb5 exd5 30. Rhg1 Rfe8 31. g5 hxg5 32. fxg5 Bb2 33. g6 Re6 34. Qxd5 Rae8 35. Nd8 Qxd5 36. gxf7+ Kh7 37. Rxd5 Re1+ 38. Rxe1 Rxe1+ 39. Kc2 Rc1+ 40. Kd2 Rf1 41. Ne6 Bc1+ 42. Kc2 Rxf7 43. Kxc1 Rf1+ 44. Rd1 Rf6 45. Re1 Rf5 46. Nd4 Rxh5 47. b6 Rh6 48. b7 Rb6 49. Re7 Kh6 50. Nf5+ Kg6 51. Nxg7 Rb5 52. Rc7 Kf6 53. Kc2 Ke5 54. Kc3 Kd6 55. Ne8+ Ke6 56. Kc4 Rb6 57. Kc5 Rxb3 58. axb3 a2 59. Rc6+ Kf5 60. Ra6 1-0

[Event "Mogliano Veneto op 32nd"]
[Site "Mogliano Veneto"]
[Date "2011.05.01"]
[Round "5"]
[White "Boscolo, Federico"]
[Black "Gigovski, Gjoko"]
[Result "1/2-1/2"]
[WhiteElo "2233"]
[BlackElo "1944"]
[PlyCount "160"]
[EventDate "2011.04.29"]
[EventType "swiss"]
[EventRounds "5"]
[EventCountry "ITA"]
[SourceTitle "EXT 2023"]
[Source "ChessBase"]
[SourceDate "2022.10.05"]
[SourceVersion "1"]
[SourceVersionDate "2022.10.05"]
[SourceQuality "1"]

1. e4 c6 2. Nc3 d5 3. Nf3 e6 4. d4 dxe4 5. Nxe4 Nf6 6. Bd3 Nbd7 7. c3 Be7 8. 0-0 Nxe4 9. Bxe4 Nf6 10. Bc2 h6 11. Bf4 Nd5 12. Be3 c5 13. Ne5 0-0 14. Qd3 f5 15. Ng6 Nxe3 16. fxe3 Rf6 17. Nxe7+ Qxe7 18. e4 cxd4 19. Qxd4 b6 20. exf5 Qc5 21. Qxc5 bxc5 22. Bb3 Ba6 23. Bxe6+ Kh8 24. Rfd1 g6 25. Bd5 Rb8 26. fxg6 Rxb2 27. Be4 Bb5 28. Rd8+ Kg7 29. Rad1 Re6 30. Bd5 Rxg6 31. c4 Ba4 32. Rf1 h5 33. h4 Kh6 34. Rh8+ Kg7 35. Rxh5 Be8 36. Re5 Bc6 37. Rf2 Rb7 38. Rfe2 Bxd5 39. cxd5 Rb1+ 40. Kh2 Rd1 41. Re7+ Kh6 42. Rxa7 Rxd5 43. Ree7 Rf6 44. Rh7+ Kg6 45. Rag7+ Kf5 46. Rg5+ Ke4 47. Rc7 Rxg5 48. hxg5 Rf5 49. g6 Rg5 50. g7 Kd5 51. Kh3 Kd6 52. Ra7 c4 53. g4 c3 54. Ra3 Rxg7 55. Rxc3 Rh7+ 56. Kg3 Ra7 57. a3 Ke5 58. Rb3 Kf6 59. Rd3 Kg5 60. Rc3 Kf6 61. Kf2 Ra4 62. Rg3 Kg5 63. Ke2 Kf4 64. Rb3 Kg5 65. Kd2 Rxg4 66. Rd3 Kf5 67. Kc3 Ke5 68. Kb3 Rg6 69. Kc4 Rc6+ 70. Kb5 Rc1 71. a4 Rb1+ 72. Kc4 Rc1+ 73. Kb3 Rb1+ 74. Ka2 Rb6 75. Ka3 Rd6 76. Rh3 Kd5 77. Kb4 Kc6 78. Rb3 Kb6 79. Rb1 Ka6 80. a5 Rh6 1/2-1/2

[Event "Mogliano Veneto op 32nd"]
[Site "Mogliano Veneto"]
[Date "2011.04.30"]
[Round "2"]
[White "Gigovski, Gjoko"]
[Black "Sorbera, Giovanni"]
[Result "1/2-1/2"]
[WhiteElo "1944"]
[BlackElo "2182"]
[PlyCount "74"]
[EventDate "2011.04.29"]
[EventType "swiss"]
[EventRounds "5"]
[EventCountry "ITA"]
[SourceTitle "EXT 2023"]
[Source "ChessBase"]
[SourceDate "2022.10.05"]
[SourceVersion "1"]
[SourceVersionDate "2022.10.05"]
[SourceQuality "1"]

1. d4 Nf6 2. Nf3 b6 3. g3 Bb7 4. Bg2 e6 5. 0-0 d6 6. c4 Be7 7. Nc3 Nbd7 8. b3 0-0 9. Re1 d5 10. Nd2 c5 11. e3 Rc8 12. Bb2 Qc7 13. cxd5 exd5 14. Rc1 Qb8 15. Nf3 Ne4 16. Nxe4 dxe4 17. Nd2 f5 18. Qe2 cxd4 19. exd4 Nf6 20. Qb5 Nd5 21. Rxc8 Qxc8 22. Rc1 Qe6 23. a3 Bg5 24. Qe2 Qh6 25. Rc2 Qg6 26. f4 Bxf4 27. gxf4 Nxf4 28. Qf1 e3 29. Nc4 e2 30. Rxe2 Nxe2+ 31. Qxe2 f4 32. Ne5 Qb1+ 33. Qf1 Qxb2 34. Qc4+ Kh8 35. Bxb7 Qb1+ 36. Kf2 Qf5 37. Qd3 Qf6 1/2-1/2

[Event "Venice Autumn op 16th"]
[Site "Venice"]
[Date "2010.11.01"]
[Round "4.21"]
[White "Gigovski, Gjoko"]
[Black "Rossi, Gianni"]
[Result "1/2-1/2"]
[WhiteElo "1932"]
[BlackElo "1859"]
[PlyCount "34"]
[EventDate "2010.10.30"]
[EventType "swiss"]
[EventRounds "5"]
[EventCountry "ITA"]
[SourceTitle "EXT 2011"]
[Source "ChessBase"]
[SourceDate "2010.11.26"]
[SourceVersion "1"]
[SourceVersionDate "2010.11.26"]
[SourceQuality "1"]

1. d4 Nf6 2. Nf3 g6 3. Bf4 Bg7 4. Nbd2 d6 5. e4 0-0 6. c3 c5 7. dxc5 dxc5 8. Bc4 Nc6 9. a3 Nh5 10. Be3 b6 11. Qc2 Qc7 12. g3 Na5 13. Be2 Bb7 14. Nh4 Nf6 15. f4 e5 16. f5 Rad8 17. Bf3 Ba6 1/2-1/2

[Event "Venice Autumn op 16th"]
[Site "Venice"]
[Date "2010.10.31"]
[Round "3.23"]
[White "Bonan, Yves"]
[Black "Gigovski, Gjoko"]
[Result "1/2-1/2"]
[WhiteElo "1872"]
[BlackElo "1932"]
[PlyCount "47"]
[EventDate "2010.10.30"]
[EventType "swiss"]
[EventRounds "5"]
[EventCountry "ITA"]
[SourceTitle "EXT 2011"]
[Source "ChessBase"]
[SourceDate "2010.11.26"]
[SourceVersion "1"]
[SourceVersionDate "2010.11.26"]
[SourceQuality "1"]

1. Nf3 d5 2. g3 Nf6 3. Bg2 c6 4. d3 Bf5 5. 0-0 Nbd7 6. Nh4 Bg6 7. Nxg6 hxg6 8. e4 e6 9. Bg5 Be7 10. exd5 exd5 11. c4 dxc4 12. dxc4 Nb6 13. Qe2 0-0 14. Nc3 Re8 15. Rad1 Nfd7 16. Bxe7 Qxe7 17. Qxe7 Rxe7 18. b3 Rae8 19. h4 f5 20. Rd2 Nf6 21. Bf3 Nbd7 22. Rfd1 Ne5 23. Kg2 Kf7 24. Rd8 1/2-1/2

[Event "Venice Autumn op 16th"]
[Site "Venice"]
[Date "2010.10.30"]
[Round "1.1"]
[White "Genocchio, Daniele"]
[Black "Gigovski, Gjoko"]
[Result "1-0"]
[WhiteElo "2449"]
[BlackElo "1932"]
[PlyCount "67"]
[EventDate "2010.10.30"]
[EventType "swiss"]
[EventRounds "5"]
[EventCountry "ITA"]
[SourceTitle "EXT 2011"]
[Source "ChessBase"]
[SourceDate "2010.11.26"]
[SourceVersion "1"]
[SourceVersionDate "2010.11.26"]
[SourceQuality "1"]

1. e4 c6 2. d4 d5 3. exd5 cxd5 4. c4 Nf6 5. Nc3 g6 6. cxd5 Bg7 7. Bb5+ Bd7 8. Bc4 0-0 9. Nf3 Bf5 10. 0-0 Nbd7 11. Bg5 Nb6 12. Bxf6 Bxf6 13. Bb3 Bg4 14. Re1 Bxf3 15. Qxf3 Bxd4 16. Rad1 Bxc3 17. Qxc3 Qd6 18. Qe3 Rfe8 19. Rd4 Rad8 20. Re4 Nc8 21. Rf4 Rf8 22. Ra4 Qb6 23. Qf4 Rd6 24. Qh6 Rf6 25. Qd2 h5 26. Rae4 Kg7 27. Rb4 Rxf2 28. Qc3+ Qf6 29. Qxf6+ Rxf6 30. Rxb7 Rd6 31. Rc1 a6 32. a4 Rfd8 33. a5 Rf6 34. Rb8 1-0

[Event "Noale Szabados Memorial-B 3rd"]
[Site "Noale"]
[Date "2010.02.06"]
[Round "2"]
[White "Dimitrijevic, Dragan"]
[Black "Gigovski, Gjoko"]
[Result "1-0"]
[WhiteElo "1962"]
[BlackElo "1804"]
[PlyCount "127"]
[EventDate "2010.02.05"]
[EventType "swiss"]
[EventRounds "5"]
[EventCountry "ITA"]
[SourceTitle "EXT 2022"]
[Source "ChessBase"]
[SourceDate "2021.10.06"]
[SourceVersion "1"]
[SourceVersionDate "2021.10.06"]
[SourceQuality "1"]

1. d4 d5 2. c4 c6 3. Nf3 Nf6 4. Nc3 dxc4 5. a4 Bf5 6. Ne5 Nbd7 7. Nxc4 e6 8. Bf4 Nb6 9. e3 Nbd5 10. Qb3 Nxf4 11. exf4 Rb8 12. Rd1 Nd5 13. g3 Nxc3 14. Qxc3 Be7 15. Bg2 0-0 16. 0-0 Qc7 17. b4 Rfc8 18. a5 Qd8 19. Rd2 Qf8 20. Rb2 Rc7 21. Qf3 f6 22. Qb3 Bg6 23. Bh3 Bf7 24. Qc3 Rd8 25. Nd2 f5 26. Nf3 Bf6 27. Ne5 Bxe5 28. dxe5 Rcd7 29. Qc5 a6 30. Qb6 Qe7 31. Qc5 Qf8 32. Bg2 Be8 33. h3 Qf7 34. Kh2 Qh5 35. f3 Qh6 36. Qc1 Qg6 37. Rff2 Rd1 38. Qc3 R1d3 39. Qc2 Qf7 40. Bf1 R3d4 41. Bc4 Qd7 42. Qb3 Bf7 43. Rbc2 Kh8 44. Qc3 h6 45. Kg2 g5 46. fxg5 hxg5 47. f4 gxf4 48. Rxf4 Rxf4 49. gxf4 Rg8+ 50. Kh2 Qe7 51. Qe1 Bh5 52. Be2 Bxe2 53. Rxe2 Rg7 54. Qc3 Qh4 55. Qe3 Rd7 56. Rg2 Rg7 57. Rxg7 Kxg7 58. Kg2 Qe7 59. Qd4 Kh6 60. Kg3 Qg7+ 61. Kf3 Kh5 62. Qd8 Qh6 63. h4 Qg7 64. Qg5+ 1-0

[Event "Noale Szabados Memorial-B 3rd"]
[Site "Noale"]
[Date "2010.02.06"]
[Round "3"]
[White "Gigovski, Gjoko"]
[Black "Basso, Pier Luigi"]
[Result "1-0"]
[WhiteElo "1804"]
[BlackElo "1653"]
[PlyCount "148"]
[EventDate "2010.02.05"]
[EventType "swiss"]
[EventRounds "5"]
[EventCountry "ITA"]
[SourceTitle "EXT 2022"]
[Source "ChessBase"]
[SourceDate "2021.10.06"]
[SourceVersion "1"]
[SourceVersionDate "2021.10.06"]
[SourceQuality "1"]

1. d4 f5 2. Nf3 Nf6 3. c3 e6 4. Bg5 Be7 5. Bxf6 Bxf6 6. Nbd2 d5 7. e3 Nd7 8. Qc2 0-0 9. Bd3 c5 10. b3 Qe8 11. Bb5 Be7 12. dxc5 Bxc5 13. c4 a6 14. Bxd7 Qxd7 15. cxd5 Qxd5 16. 0-0 f4 17. Ne4 Be7 18. Rad1 Qc6 19. Qxc6 bxc6 20. exf4 Rxf4 21. Nd6 Rf6 22. Nxc8 Rxc8 23. Rfe1 Bb4 24. Re4 a5 25. Red4 h6 26. Ne5 Bc5 27. R4d2 Rf5 28. Nd3 Bb6 29. Nb2 Rcf8 30. Rf1 e5 31. Nc4 Bc7 32. Ne3 Rf4 33. Rc2 Bb6 34. Nd1 R8f6 35. Re1 e4 36. Ne3 Kf7 37. g3 Rf3 38. Ng4 Re6 39. Ree2 h5 40. Ne3 Ref6 41. Nc4 Bd4 42. Nxa5 e3 43. fxe3 Bxe3+ 44. Kg2 c5 45. Nc4 Bd4 46. Ne5+ Bxe5 47. Rxe5 c4 48. bxc4 g6 49. Rb5 Rd3 50. c5 Rc6 51. Rb6 Rdd6 52. Rb7+ Ke8 53. Re2+ Re6 54. Rxe6+ Rxe6 55. Kf3 Rc6 56. Rb5 Ra6 57. Rb2 g5 58. Ke4 h4 59. gxh4 gxh4 60. Kd5 Kd7 61. Rb7+ Kc8 62. Rh7 Rxa2 63. Rxh4 Kc7 64. Rh7+ Kc8 65. h4 Rb2 66. h5 Rg2 67. Kc6 Rg8 68. h6 Rf8 69. Kb5 Kb8 70. c6 Kc8 71. Rg7 Kb8 72. h7 Re8 73. Rg8 Ka7 74. h8Q Rxg8 1-0

[Event "Noale Szabados Memorial-B 3rd"]
[Site "Noale"]
[Date "2010.02.05"]
[Round "1"]
[White "Gigovski, Gjoko"]
[Black "Serradura, Gianluca"]
[Result "1-0"]
[WhiteElo "1804"]
[BlackElo "1400"]
[PlyCount "49"]
[EventDate "2010.02.05"]
[EventType "swiss"]
[EventRounds "5"]
[EventCountry "ITA"]
[SourceTitle "EXT 2022"]
[Source "ChessBase"]
[SourceDate "2021.10.06"]
[SourceVersion "1"]
[SourceVersionDate "2021.10.06"]
[SourceQuality "1"]

1. d4 d6 2. Nf3 Nd7 3. Bf4 Ngf6 4. e3 e6 5. Bd3 Be7 6. Nbd2 Nh5 7. Bg3 Nxg3 8. hxg3 Nf6 9. c3 c5 10. dxc5 dxc5 11. Qc2 g6 12. 0-0-0 0-0 13. Nc4 Qc7 14. e4 b5 15. Ne3 c4 16. Be2 Bb7 17. Rh4 Rfd8 18. Rdh1 Bc8 19. e5 Nd7 20. Rxh7 Nxe5 21. Rh8+ Kg7 22. R1h7+ Kf6 23. Nxe5 Rxh8 24. N3g4+ Kg5 25. Nxf7# 1-0